000 00452nam a2200145Ia 4500
008 100204s9999 xx 000 0 und d
082 _b8462
100 _aनाईक गुरुनाथ
245 _aतर मी अशी
260 _b"बांदोडकर पब्लिशिंग हाऊस, गोवा"
_c1986
300 _a181
630 _aतर मी अशी
730 _aतर मी अशी
942 _cBOOK
999 _c452898
_d452895